Music Quiz

Random Music or Song Quiz

'Edelweiss' Lyrics Quiz Stats

 Plays Quiz Updated Mar 8, 2019

Score 0/37 Timer 02:00
0 Plays Today
% Correct
Edelweiss.
94.1%
Edelweiss.
94.1%
Edelweiss.
94.1%
Edelweiss.
94.1%
and
91.3%
and
91.3%
and
91.3%
and
91.3%
you
87.5%
You
87.5%
you
87.5%
me.
84.1%
me.
84.1%
to
80.6%
forever.
75.2%
forever.
75.2%
white,
74.8%
happy
73.3%
bright.
73.2%
% Correct
greet
72.9%
my
71.7%
look
71.2%
grow,
71.1%
grow
71.1%
Every
70.5%
morning
70.2%
bloom
69.8%
bloom
69.8%
meet
68.9%
homeland
68.6%
Bless
67.1%
clean
66.3%
of
65%
Small
64.7%
may
64%
snow
62.7%
Blossom
62.5%

You're not logged in!

Compare scores with friends on all Sporcle quizzes.
OR
Log In

Sporcle TV

Today on Sporcle TV


Watch our educational content, quiz creation guides, and fun videos on Sporcle TV.

Show Comments

Extras

Top Quizzes Today


Score Distribution

Your Account Isn't Verified!

In order to create a playlist on Sporcle, you need to verify the email address you used during registration. Go to your Sporcle Settings to finish the process.

Report this User

Report this user for behavior that violates our Community Guidelines.

Details: